Southville International School and Colleges
Your cart is empty.
  • Cart
  • Lists
    Public lists list_1 View all
    Your lists Log in to create your own lists
  • Log in to your account
  • Your cookies
  • Search history
Southville International School and Colleges
  • Advanced search
  • Recent comments
  • Most popular
  • Libraries

Log in to your account

Log in with GOOGLE


If you do not have an external account, but do have a local account, you can still log in:

  1. Home
  2. MARC view: Selected writings of Jose Ma. Sison, 1991-2009
Normal view MARC view ISBD view

Selected writings of Jose Ma. Sison, 1991-2009 (Record no. 15755)

[ view plain ]
MARC details
000 -LEADER
fixed length control field 01256cam a22003495a 4500
001 - CONTROL NUMBER
control field 15648864
003 - CONTROL NUMBER IDENTIFIER
control field OSt
005 - DATE AND TIME OF LATEST TRANSACTION
control field 20140310182751.0
008 - FIXED-LENGTH DATA ELEMENTS--GENERAL INFORMATION
fixed length control field 090306s2009 ph 000 0 eng
010 ## - LIBRARY OF CONGRESS CONTROL NUMBER
LC control number 2009316202
020 ## - INTERNATIONAL STANDARD BOOK NUMBER
International Standard Book Number 9789719246091 (v. 1)
020 ## - INTERNATIONAL STANDARD BOOK NUMBER
International Standard Book Number 9789719246060 (v. 2)
020 ## - INTERNATIONAL STANDARD BOOK NUMBER
International Standard Book Number 9789719246077 (v. 3)
020 ## - INTERNATIONAL STANDARD BOOK NUMBER
International Standard Book Number 9789719246084 (v. 4)
040 ## - CATALOGING SOURCE
Original cataloging agency DLC
Transcribing agency DLC
Modifying agency DLC
042 ## - AUTHENTICATION CODE
Authentication code lcode
043 ## - GEOGRAPHIC AREA CODE
Geographic area code a-ph---
050 ## - LIBRARY OF CONGRESS CALL NUMBER
Classification number DS 686.6
Item number .Si623 2009
082 ## - DEWEY DECIMAL CLASSIFICATION NUMBER
Classification number M 320.9599
Item number S623 2009
100 1# - MAIN ENTRY--PERSONAL NAME
Personal name Sison, Jose Maria,
Dates associated with a name 1939-
245 10 - TITLE STATEMENT
Title Selected writings of Jose Ma. Sison, 1991-2009
Statement of responsibility, etc Sison, Jose Ma.
Remainder of title For justice, socialism and peace
260 ## - PUBLICATION, DISTRIBUTION, ETC. (IMPRINT)
Place of publication, distribution, etc Philippines
Name of publisher, distributor, etc Aklat ng Bayan
Date of publication, distribution, etc c2009
300 ## - PHYSICAL DESCRIPTION
Extent 4 v., 214 p.
Dimensions 23 cm.
505 0# - FORMATTED CONTENTS NOTE
Formatted contents note v. 1. For justice, socialism and peace -- v. 2. For democracy and socialism against imperialist globalization -- v. 3. Crisis of imperialism and people's resistance -- v. 4. People's struggle against imperialist plunder and terror.
521 ## - TARGET AUDIENCE NOTE
Target audience note
526 ## - STUDY PROGRAM INFORMATION NOTE
Reading level 1210L-1700L
541 ## - IMMEDIATE SOURCE OF ACQUISITION NOTE
-- 1
562 ## - COPY AND VERSION IDENTIFICATION NOTE
Number of copies 1
906 ## - LOCAL DATA ELEMENT F, LDF (RLIN)
a 7
b par
c origode
d 3
e ncip
f 20
g y-gencatlg
942 ## - ADDED ENTRY ELEMENTS (KOHA)
Source of classification or shelving scheme Library of Congress Classification
Koha item type Books
Call number prefix
Holdings
Withdrawn status Lost status Source of classification or shelving scheme Damaged status Home library Current library Shelving location Date acquired Total Checkouts Total Renewals Full call number Barcode Date last seen Date checked out Copy number Price effective from Koha item type
    Library of Congress Classification   College Library College Library General Circulation Section 11/07/2012 2 1 DS 686.6 .Si623 2009 c15950 10/01/2018 09/24/2018 1 11/07/2012 Books

Selected writings of Jose Ma. Sison, 1991-2009

APA

Sison J. M., . (2009). Selected writings of Jose Ma. Sison, 1991-2009. Philippines: Aklat ng Bayan.

Chicago

Sison Jose Maria, . 2009. Selected writings of Jose Ma. Sison, 1991-2009. Philippines: Aklat ng Bayan.

Harvard

Sison J. M., . (2009). Selected writings of Jose Ma. Sison, 1991-2009. Philippines: Aklat ng Bayan.

MLA

Sison Jose Maria, . Selected writings of Jose Ma. Sison, 1991-2009. Philippines: Aklat ng Bayan. 2009.

  • Place hold
  • Print
  • Cite
  • Add to your cart (remove)
  • Save record
    BIBTEX Dublin Core MARCXML MARC (non-Unicode/MARC-8) MARC (Unicode/UTF-8) MARC (Unicode/UTF-8, Standard) MODS (XML) RIS
  • More searches
    Search for this title in:
    Other Libraries (WorldCat) Other Databases (Google Scholar) Online Stores (Bookfinder.com) Open Library (openlibrary.org)

Exporting to Dublin Core...

SOUTHVILLE LIBRARY

Southville International School and Colleges Library

1281 Tropical Ave. Cor. Luxembourg St., BF Homes International, Las Pinas City

Tel. No. 8256374 / 252358 Loc. 117/146

Powered by Koha